Inmigración irregular y derechos fundamentales: ¿Hay límites?

Kaydedildi:
Detaylı Bibliyografya
Yazar: Leonés Salido, José Manuel (Yazar)
Materyal Türü: Kitap
Dil:İspanyolca
Baskı/Yayın Bilgisi: s.l Bosch 2017
Edisyon:1a. ed
Konular:
Etiketler: Etiketle
Etiket eklenmemiş, İlk siz ekleyin!

MARC

LEADER 00000cam a2200000 a 4500
001 UCC9086
003 CL-VaPUC
008 190904e20170000sp |||||||||||||||||spa|d
020 |a 9788494643637 
082 0 4 |a 323.4  |b LEO  |2 21 
100 0 |a Leonés Salido, José Manuel  |e author  |9 603905 
245 1 0 |a Inmigración irregular y derechos fundamentales: ¿Hay límites? 
250 |a 1a. ed 
300 |a 246 p 
942 |c BK 
945 |d 20190904 15:40:00  |a dcastane 
260 |a s.l  |b Bosch  |c 2017 
650 0 |a Inmigración  |9 268290 
650 0 |a Derechos humanos  |9 223025 
650 0 |a Inmigrantes  |9 317882 
583 |a last modification  |c 20190904 15:40:00  |k Rodrigo Vera 
999 |c 375280  |d 375278 
952 |0 0  |1 0  |3 erb  |4 0  |6 323_400000000000000_LEO_2017  |7 0  |8 WP_COW  |9 561227  |a BIBDER  |b BIBDER  |e Fundación W and P Cowley  |i 5598060  |o 323.4 LEO 2017  |p 5598060  |r 2023-01-25  |w 2020-03-12  |y BK  |z Catalogado en:20190904  |k WPC